Statistiken für Alle Minderheiten Kanadas

Klicken Sie hier um das Quiz zu spielen!

Allgemein

  • Dieses Quiz wurde 48 mal gespielt
  • Das Durchschnittsergebnis liegt bei 14 aus 18

Antwortstatistiken

BevölkerungLand% Korrekt
3,322,405Deutschland
100%
4,670,595Frankreich
98%
1,587,970Italien
95%
377,410USA
95%
1,769,195China
93%
396,460Spanien
93%
6,320,085Vereinigtes Königreich
93%
1,374,710Indien
90%
4,627,000Irland
85%
622,445Russland
85%
1,106,585Polen
78%
1,111,655Niederlande
75%
463,275Norwegen
68%
482,610Portugal
68%
349,640Schweden
68%
1,359,655Ukraine
68%
837,130Philippinen
53%
348,085Ungarn
43%

Verteilung der Resultate

Perzentil nach korrekt beantworteten Fragen

Anzahl Personen mit jedem Resultat

Ihre Resultats-Entwicklung

Sie haben dieses Quiz noch nicht gespielt